000 00605nam a2200229 a 4500
005 20140310183520.0
008 110808s19uu xx 00 eng d
020 _a9710871226
050 _aRC 454
_b.Z94 2011
100 _aZulueta, Francisco M.
245 _aAbnormal psychology /
_cFrancisco M. Zulueta.
260 _aMandaluyong City :
_bNBS,
_c2011.
300 _a338 p. :
_c23 cm.
521 _aPSYCH
650 _aAbnormal psychology.
700 _aLeila L. Fernandez-Distajo
942 _cBK
_2lcc
_kLOC
999 _c24390
_d24390